00859nam a2200253 a 4500008004100000020004300041040002500084041001300109044001100122080001500133100002700148245009800175250001300273260004600286300002700332490001300359500002200372700003000394700003200424700003000456958000600486999001700492952009600509951121s1989||||[C 0 slo c a8021500093c19 Kčs. q(3000 výtl.) aSNKbslocSNKeAACR21 aslohrus axocSK a882-3(081)1 aMakanin, Vladimir4aut10aOneskoreneccVladimir Makanin ; Elena Linzbothová, Elena Linzbothová, Gabriel ml. Štrba a1., vyd. aBratislavabObzorc1989eŽilinafPravda a157 s., 8,78 AHc20 cm0 aJantár aIlustr. na front.1 aLinzbothová, Elena4trl1 aLinzbothová, Elena4[ADC]1 aŠtrba, Gabriel ml.4bkd aA c12261d12261 001040708Ka10000b10000d2019-11-29g19.00i11555oB 5681r2019-11-29w2019-11-29yKLDO